| 000 | 00946cam a22002653a 4500 | ||
|---|---|---|---|
| 001 | 30686 | ||
| 003 | PGUSA | ||
| 005 | 20140828083650.0 | ||
| 008 | 091215s2009||||xxu|||||s|||||000 1 eng d | ||
| 040 |
_aPGUSA _beng |
||
| 042 | _adc | ||
| 050 | 4 | _aPZ | |
| 100 | 1 | _aFoster, Ethel Twycross | |
| 245 | 1 | 0 |
_aLittle Tales of The Desert _h[electronic resource] / _cEthel Twycross Foster |
| 260 |
_bProject Gutenberg, _c2009 |
||
| 505 | 0 | _aChristmas on the desert -- Trade rats -- A chat with Mrs. Cottontail -- Rabbits and cactus burrs -- The dangerous pet -- A visit to Palm Springs -- The road-runner -- A strange capture -- A desert May party. | |
| 506 | _aPublic domain in the USA. | ||
| 516 | _aElectronic text | ||
| 653 | _aDeserts -- Juvenile fiction | ||
| 653 | _aArizona -- Juvenile fiction | ||
| 700 | 1 | _aVilla, Hernando G. | |
| 830 | 0 |
_aProject Gutenberg _v30686 |
|
| 856 | 4 | 0 | _uhttp://www.gutenberg.org/ebooks/30686 |
| 942 | _cEB | ||
| 999 |
_c259941 _d259941 |
||